000 00884nam a2200241 a 4500
999 _c470378
_d470378
003 BLK
005 20241207095611.0
008 220815|2007 eng rb 001 | eng
020 _a9781556436512
040 _cBLK
041 _aBUL
_cBUL
080 _aХигиена на храненето. Режим на храненето. Вж и 612.39 ; 614.3 ; 615.874 ; 641
_b613.2
_z613.2
100 _aBoutenko, Victoria
_91299
_eпърви автор
139 _aBoutenko, Victoria
_bB 81
245 1 0 _a12 steps to raw foods :
_bhow to end your dependency on cooked food /
_cVictoria Boutenko
260 _aBerkeley, Calif. :
_bNorth Atlantic Books,
_c2007.
300 _axvi, 267 p. ;
_c23 cm.
380 _a61
504 _aIncludes bibliographical references (p. 257-258) and index.
650 7 _aДиети
_9153393
942 _cKNG
_n0
_s1
_01
944 _aCR
_c2022-08-15
_k30545
_lНора Радева